Doctor Octopus - Portrayals by Picture - Statistics

General Stats
  • This quiz has been taken 7 times
  • The average score is 3 of 19
Answer Stats
Picture Answer % Correct
Alfred Molina
100%
Kathryn Hahn
60%
Charlie Adler / Tom Kenny
20%
Tom Kenny
20%
Tom Kenny
20%
Tom Kenny / Dee Bradley Baker
20%
William Salyers
20%
Dai Matsumoto
0%
Dave B. Mitchell
0%
Efren Zimbalist Jr.
0%
Efren Zimbalist Jr.
0%
Kelly Ohanian
0%
Kyle Hebert
0%
Luc Roderique
0%
Peter MacNicol
0%
Scott Menville
0%
Stanley Jones / Michael Bell
0%
Vernon Chapman
0%
William Salyers
0%
No matching quizzes found
Score Distribution
Percent of People with Each Score
Percentile by Number Answered
Your Score History
You have not taken this quiz